Recordings for teaching literature and language in the high school, including a bibliography of 500 titles. (Record no. 22182)
[ view plain ]
| 000 -LEADER | |
|---|---|
| fixed length control field | 00934cam a22002411 4500 |
| 001 - CONTROL NUMBER | |
| control field | e 52000047 |
| 003 - CONTROL NUMBER IDENTIFIER | |
| control field | DLC |
| 005 - DATE AND TIME OF LATEST TRANSACTION | |
| control field | 20260227111234.0 |
| 008 - FIXED-LENGTH DATA ELEMENTS--GENERAL INFORMATION | |
| fixed length control field | 800314s1952 dcu 000 0 eng |
| 010 ## - LIBRARY OF CONGRESS CONTROL NUMBER | |
| LC control number | e 52000047 |
| 035 ## - SYSTEM CONTROL NUMBER | |
| System control number | (OCoLC)6083944 |
| 040 ## - CATALOGING SOURCE | |
| Original cataloging agency | DLC |
| Transcribing agency | MsU |
| Modifying agency | DLC |
| 042 ## - AUTHENTICATION CODE | |
| Authentication code | premarc |
| 050 00 - LIBRARY OF CONGRESS CALL NUMBER | |
| Classification number | L111 |
| Item number | .A6 1952, no. 19 |
| 082 ## - DEWEY DECIMAL CLASSIFICATION NUMBER | |
| Classification number | 371.3338807 |
| 100 1# - MAIN ENTRY--PERSONAL NAME | |
| Personal name | Jewett, Arno Joseph, |
| Dates associated with a name | 1907- |
| 245 10 - TITLE STATEMENT | |
| Title | Recordings for teaching literature and language in the high school, including a bibliography of 500 titles. |
| 260 ## - PUBLICATION, DISTRIBUTION, ETC. | |
| Place of publication, distribution, etc. | [Washington] |
| Name of publisher, distributor, etc. | Federal Security Agency, Office of Education |
| Date of publication, distribution, etc. | [1952] |
| 300 ## - PHYSICAL DESCRIPTION | |
| Extent | iv, 71 p. |
| Dimensions | 23 cm. |
| 410 20 - SERIES STATEMENT/ADDED ENTRY--CORPORATE NAME [OBSOLETE, CAN/MARC], [LOCAL, USA] | |
| Corporate name or jurisdiction name as entry element | U.S. Office of Education. |
| Title of a work | Bulletin, |
| Volume number/sequential designation | 1952, no. 19 |
| 501 ## - WITH NOTE | |
| With note | With: Schools at work in 48 States / United States. Office of Education. Washington : Govt. Print. Off., 1952. Bound together subsequent to publication. |
| Institution to which field applies | DLC |
| 650 #0 - SUBJECT ADDED ENTRY--TOPICAL TERM | |
| Topical term or geographic name entry element | English literature |
| Form subdivision | Discography. |
No items available.